|
|
|
|
| LEADER |
00718nab a2200181 i 4500 |
| 001 |
acta41209 |
| 005 |
20260224081030.0 |
| 008 |
170731s2005 hu o 000 hun d |
| 022 |
|
|
|a 0237-7934
|
| 040 |
|
|
|a SZTE Egyetemi Kiadványok Repozitórium
|b hun
|
| 041 |
|
|
|a hun
|
| 100 |
1 |
|
|a Kontler László
|
| 245 |
1 |
0 |
|a Idő és fejlődés - az idő mint fejlődés
|h [elektronikus dokumentum] :
|b William Robertson felvilágosult prédikációja /
|c Kontler László
|
| 260 |
|
|
|c 2005
|
| 300 |
|
|
|a 38-54
|
| 490 |
0 |
|
|a Aetas
|v 20 No. 3
|
| 695 |
|
|
|a William Robertson, Idő - történelmi kategória, Idő - filozófiai, Történetfilozófia
|
| 856 |
4 |
0 |
|u http://acta.bibl.u-szeged.hu/41209/1/aetas_2005_003_038-054.pdf
|z Dokumentum-elérés
|